00293pab a2200121 454500008004000000100001500040245004100055260000900096300000900105362001400114650001500128773002800143180718b1989 xxu||||| |||| 00| 0 eng d aSatya Paul aA note on social statistics in India c1989 a71-4 aApr.-Jun. aStatistics aIndian Economic Journal